| 000 | 00438pab a2200169 454500 | ||
|---|---|---|---|
| 008 | 180718b2018 xxu||||| |||| 00| 0 eng d | ||
| 100 | _aTyagi, Pankaj et al | ||
| 245 | _aPradhan Mantri Krishi Sinchai Yojana (PMKSY) | ||
| 260 | _c2018 | ||
| 300 | _ap.16-18. | ||
| 362 | _aFeb | ||
| 650 | _a Pradhan Mantri KrishiSinchai Yojana | ||
| 650 | _aIrrigation - India | ||
| 650 | _aIrrigation | ||
| 773 | _aKurukshetra | ||
| 909 | _a117134 | ||
| 999 |
_c117128 _d117128 |
||